000 00535aas a22001814i 4500
999 _c49678
_d49678
001 768714001
003 CO-MdFUSB
005 20190202100519.0
008 170428s1993 sp ||||| |||| 00| 0 eng d
040 _aCO-MdFUSB
_bspa
_cCO-MdFUSB
_dCO-MdFUSB
041 _aspa
100 1 _aVelert, Roberto
_eautor
245 1 0 _aQue se convierta
300 _aVolumen 3, (1993) páginas 33 - 47
_c: 21 cm.
650 0 _aTeología práctica
_9180
773 0 _tAndamio
_049451
_960449
_gVolumen 3, (1993) páginas 33 - 47
_qPágina 33
942 _cANA